000 01669nam a22001457a 4500
999 _c530695
_d530695
008 250709b ||||| |||| 00| 0 eng d
100 _aAdegboye, Abidemi C.
_954929
245 _aLabour market institutions, innovation and youth employment in sub-saharan Africa
260 _a The Indian Journal of Labour Economics
300 _a68(1), Jan- Mar, 2025: p.203-219
520 _aIn this study, the effects of labour market institutions (LMIs) and innovation on youth employment are examined using data for 27 sub-Saharan African (SSA) countries over the period 2007 and 2019. The feasible generalised least squares method is employed in the empirical analysis. The study finds that a combination of flexible (employment protection) and tight (wage adjustments) LMIs is the best means of improving youth employment among SSA countries. Moreover, while R&D (research & development) expenditure of firms (demand-side innovation) promotes youth employment in the region, more supply-side focussed innovations are found to directly limit youth employment. It is, however, found that LMIs temper the effects of innovation on youth employment. In particular, LMIs favour innovations that are supply side, but limit the positive effects of demand-side innovation on employment. Policy measures on reforming LMIs and promoting innovation for improving youth employment are provided in the study. - Reproduced https://link.springer.com/article/10.1007/s41027-025-00556-2
650 _aemployment protection, innovation, labour market flexibility, wage bargaining, wage adjustment, youth employment
_954930
773 _0 The Indian Journal of Labour Economics
942 _cAR